<?xml version="1.0" encoding="UTF-8"?>
<collection xmlns="http://www.loc.gov/MARC21/slim">
 <record>
  <leader>00949nam a2200229 a 4500</leader>
  <controlfield tag="001">00025943</controlfield>
  <controlfield tag="008">120910r20102007nyu      b    001 0 eng d</controlfield>
  <datafield tag="020" ind1=" " ind2=" ">
   <subfield code="a">9780199226245</subfield>
  </datafield>
  <datafield tag="040" ind1=" " ind2=" ">
   <subfield code="a">BD-DhAAL</subfield>
   <subfield code="c">BD-DhAAL</subfield>
  </datafield>
  <datafield tag="082" ind1="0" ind2="0">
   <subfield code="a">415</subfield>
   <subfield code="2">21</subfield>
  </datafield>
  <datafield tag="100" ind1="1" ind2=" ">
   <subfield code="a">Booij,Geert.</subfield>
  </datafield>
  <datafield tag="245" ind1="1" ind2="4">
   <subfield code="a">The grammar of words :</subfield>
   <subfield code="b">an introduction to linguistic morphology /</subfield>
   <subfield code="c">Geert Booij</subfield>
  </datafield>
  <datafield tag="250" ind1=" " ind2=" ">
   <subfield code="a">2nd ed.</subfield>
  </datafield>
  <datafield tag="260" ind1=" " ind2=" ">
   <subfield code="a">Oxford ;</subfield>
   <subfield code="a">New York :</subfield>
   <subfield code="b">Oxford University Press,</subfield>
   <subfield code="c">2007.[Reprinted 2010]</subfield>
  </datafield>
  <datafield tag="300" ind1=" " ind2=" ">
   <subfield code="a">x, 345 p. :</subfield>
   <subfield code="b">ill. ;</subfield>
   <subfield code="c">25 cm.</subfield>
  </datafield>
  <datafield tag="490" ind1="1" ind2=" ">
   <subfield code="a">Oxford textbooks in linguistics.</subfield>
  </datafield>
  <datafield tag="504" ind1=" " ind2=" ">
   <subfield code="a">Includes bibliographical references (p. 325-338) and index.</subfield>
  </datafield>
  <datafield tag="541" ind1=" " ind2=" ">
   <subfield code="a">00025943</subfield>
  </datafield>
  <datafield tag="650" ind1=" " ind2="0">
   <subfield code="a">Grammar, Comparative and general</subfield>
   <subfield code="x">Morphology.</subfield>
  </datafield>
  <datafield tag="852" ind1="1" ind2=" ">
   <subfield code="a">Ayesha Abed Library</subfield>
   <subfield code="j">General shelf</subfield>
  </datafield>
  <datafield tag="999" ind1=" " ind2=" ">
   <subfield code="c">12821</subfield>
   <subfield code="d">12821</subfield>
  </datafield>
  <datafield tag="952" ind1=" " ind2=" ">
   <subfield code="0">0</subfield>
   <subfield code="1">0</subfield>
   <subfield code="4">0</subfield>
   <subfield code="6">415_000000000000000_BOO</subfield>
   <subfield code="7">0</subfield>
   <subfield code="9">21097</subfield>
   <subfield code="a">BRACUL</subfield>
   <subfield code="b">BRACUL</subfield>
   <subfield code="c">GEN</subfield>
   <subfield code="d">2012-09-11</subfield>
   <subfield code="e">Karim International</subfield>
   <subfield code="g">2200.00</subfield>
   <subfield code="l">5</subfield>
   <subfield code="o">415 BOO</subfield>
   <subfield code="p">3010025943</subfield>
   <subfield code="r">2024-11-14</subfield>
   <subfield code="s">2024-11-11</subfield>
   <subfield code="t">1</subfield>
   <subfield code="w">2012-09-11</subfield>
   <subfield code="y">BK</subfield>
  </datafield>
 </record>
</collection>
